Oslava ekonomie : Přednášky laureátů Nobelovy ceny za ekonomii /

Salvato in:
Dettagli Bibliografici
Autore principale: Jonáš, Jiří (Autore)
Natura: Libro
Lingua:ceco
Pubblicazione: Praha : Academia, 1994
Edizione:2.vyd.
Soggetti:
Tags: Aggiungi Tag
Nessun Tag, puoi essere il primo ad aggiungerne!!

MARC

LEADER 00000nam a22000003a 4500
001 stu7083
005 20150617225809.2
008 941110s1994----xr------------------cze-d
040 |a STU  |b slo 
041 0 |a cze 
044 |a xr 
080 |a 330  |7 stu_us_auth*stu7629 
100 1 |a Jonáš, Jiří  |4 aut 
245 1 |a Oslava ekonomie :  |b Přednášky laureátů Nobelovy ceny za ekonomii /  |c Aut.: Jonáš,Jiří a kol 
250 |a 2.vyd. 
260 |a Praha :  |b Academia,  |c 1994 
300 |a 807 s 
650 7 |a ekonómia  |2 stusub 
996 |b E79282  |c R*79282  |l RRUM  |s A  |a 24  |w stu7083_0001